[Event "Politiken Cup"]
[Site "Helsingor DEN"]
[Date "2009.07.19"]
[Round "2"]
[White "Haarr,J"]
[Black "Aloma Vidal,R"]
[Result "0-1"]
[WhiteElo "2110"]
[BlackElo "2418"]
[EventDate "2009.07.18"]

1. e4 Nf6 2. e5 Nd5 3. d4 d6 4. exd6 exd6 5. Nf3 Be7 6. c4 Nb6 7. Be2 Bg4
8. Nbd2 O-O 9. O-O Re8 10. h3 Bh5 11. Re1 Bf6 12. g4 Bg6 13. Nf1 Nc6 14. a3
Be4 15. N1h2 a5 16. b3 g5 17. Qd2 d5 18. c5 Nd7 19. Bb2 Nf8 20. b4 axb4 21.
axb4 Ne6 22. Bf1 Ne7 23. Ne5 Bg7 24. h4 Rxa1 25. Bxa1 gxh4 26. f3 Bg6 27.
f4 Bh6 28. g5 Bg7 29. Qf2 Be4 30. Bh3 Ng6 31. Bxe6 Rxe6 32. Nhg4 Ra6 33.
Bc3 Ra3 34. Re3 Qa8 35. f5 Nxe5 36. dxe5 Rxc3 37. Nf6+ Bxf6 38. gxf6 Qa1+
39. Re1 Qa3 40. Rxe4 Rg3+ 41. Kh2 dxe4 42. Qd2 Rh3+ 43. Kg1 Qg3+ 44. Kf1
Qf3+ 0-1

[Event "Politiken Cup"]
[Site "Helsingor DEN"]
[Date "2009.07.19"]
[Round "2"]
[White "Semcesen,D"]
[Black "Seegert,K"]
[Result "1-0"]
[WhiteElo "2418"]
[BlackElo "2103"]
[EventDate "2009.07.18"]

1. c4 e5 2. Nc3 f5 3. d4 exd4 4. Qxd4 Nc6 5. Qe3+ Kf7 6. Nf3 Nf6 7. Ng5+
Kg8 8. g3 h6 9. Nf3 d5 10. cxd5 Nb4 11. Qd2 Nbxd5 12. a3 c6 13. Bg2 Kh7 14.
O-O Be7 15. Nd4 Nxc3 16. Qxc3 Nd5 17. Qd3 g6 18. Rd1 Bf6 19. e4 Ne7 20. Be3
c5 21. Nb5 Qxd3 22. Rxd3 Bxb2 23. Rb1 c4 24. Rd2 Be5 25. f4 a6 26. Na7 c3
27. Rc2 Bb8 28. Nxc8 Rxc8 29. Rxb7 Bd6 30. e5 Bxa3 31. Rb3 Bb2 32. Bxa8 1-0

[Event "Politiken Cup"]
[Site "Helsingor DEN"]
[Date "2009.07.19"]
[Round "2"]
[White "Peschardt,S"]
[Black "Lund,E"]
[Result "0-1"]
[WhiteElo "2102"]
[BlackElo "2412"]
[EventDate "2009.07.18"]

1. Nf3 d6 2. g3 e5 3. d3 f5 4. Bg2 Nf6 5. O-O Be7 6. c4 O-O 7. Nc3 Qe8 8.
b4 Qh5 9. Qb3 Kh8 10. Bg5 Nbd7 11. Rac1 c6 12. a4 h6 13. Bxf6 Nxf6 14. c5
e4 15. cxd6 Bxd6 16. Ne1 e3 17. Nf3 exf2+ 18. Rxf2 f4 19. Ne4 Nxe4 20. dxe4
fxg3 21. Rff1 Rxf3 22. Rxf3 Qxh2+ 23. Kf1 Bh3 24. Bxh3 Qh1+ 0-1

[Event "Politiken Cup"]
[Site "Helsingor DEN"]
[Date "2009.07.19"]
[Round "2"]
[White "Rasmussen,M1"]
[Black "Mikkelsen,N"]
[Result "0-1"]
[WhiteElo "1870"]
[BlackElo "2399"]
[EventDate "2009.07.18"]

1. d4 g6 2. c4 Bg7 3. Nf3 Nf6 4. Nc3 O-O 5. e4 d6 6. h3 e5 7. d5 a5 8. Bg5
h6 9. Be3 Na6 10. g4 h5 11. g5 Nh7 12. Rg1 Bd7 13. Qc2 Qb8 14. O-O-O Rc8
15. h4 c6 16. Kb1 Nb4 17. Qd2 b5 18. dxc6 Bg4 19. Be2 bxc4 20. Qxd6 Rxc6
21. Qxb8+ Rxb8 22. Rg3 Nf8 23. a3 Na6 24. Rd5 Ne6 25. Nxe5 Bxe5 26. Rxe5
Bxe2 27. Nxe2 c3 28. Bc1 cxb2 29. Bd2 Rc2 30. Rd5 Nac7 31. Rd7 Nc5 32. Nc3
Rc1+ 0-1

[Event "Politiken Cup"]
[Site "Helsingor DEN"]
[Date "2009.07.19"]
[Round "2"]
[White "Skytte,R"]
[Black "Bratholm,P"]
[Result "1-0"]
[WhiteElo "2396"]
[BlackElo "2098"]
[EventDate "2009.07.18"]

1. e4 e6 2. Qe2 c5 3. Nf3 Nc6 4. b3 Nf6 5. e5 Nd5 6. g3 Be7 7. c4 Ndb4 8.
Qd1 Nd4 9. Nxd4 cxd4 10. Bb2 Qc7 11. Bxd4 b5 12. Bg2 Nd3+ 13. Ke2 Nxe5 14.
Bxa8 Bb7 15. Bxb7 Qxb7 16. d3 Qf3+ 17. Kd2 Qxd3+ 18. Kc1 Qe4 19. Be3 Bb4
20. a3 Nd3+ 21. Qxd3 Qxd3 22. axb4 bxc4 23. Rd1 Qxb3 24. Bd4 Qxb4 25. Bxg7
Rg8 26. Bc3 Qb7 27. Nd2 d5 28. Kc2 Ke7 29. Rdb1 Qc7 30. Nf3 f6 31. Nd4 Ra8
32. Ra6 e5 33. Nf5+ Kf7 34. Rb7 Qxb7 35. Nd6+ Kg6 36. Nxb7 d4 37. Nc5 dxc3
38. Ne4 Rf8 39. Kxc3 h5 40. h4 Rf7 41. Kxc4 Kg7 42. Kd5 f5 43. Nd6 1-0

[Event "Politiken Cup"]
[Site "Helsingor DEN"]
[Date "2009.07.19"]
[Round "2"]
[White "Bulski,K"]
[Black "Omarsson,D"]
[Result "1-0"]
[WhiteElo "2392"]
[BlackElo "2091"]
[EventDate "2009.07.18"]

1. e4 c5 2. Nf3 d6 3. d4 cxd4 4. Nxd4 Nf6 5. Nc3 g6 6. Be3 Bg7 7. f3 Nc6 8.
Qd2 O-O 9. Bc4 Bd7 10. O-O-O Rc8 11. Bb3 Ne5 12. Kb1 Re8 13. Bh6 Bxh6 14.
Qxh6 Rxc3 15. bxc3 a5 16. a4 Qb6 17. h4 Bxa4 18. h5 Bxb3 19. cxb3 Rc8 20.
hxg6 fxg6 21. Rc1 Nd3 22. Qh3 Rc5 23. Qe6+ Kf8 24. Rxh7 Nxh7 25. Qxg6 Nf4
26. Qh6+ Kg8 27. Rh1 Nf6 28. Qxf4 Rxc3 29. Qd2 Qb4 30. Kb2 Rc4 31. Qxb4
Rxb4 32. Kc3 Kf7 33. Ra1 b6 34. Ra4 e5 35. Nf5 d5 36. Rxb4 axb4+ 37. Kxb4
dxe4 38. Nd6+ Ke6 39. Nxe4 Nd5+ 40. Kb5 Nf4 41. g4 Kd5 42. Kxb6 Ne6 43. Nd2
Ng5 44. b4 Kd4 45. b5 Ke3 46. Kc6 Kxd2 47. b6 Ne6 48. Kd6 1-0

[Event "Politiken Cup"]
[Site "Helsingor DEN"]
[Date "2009.07.19"]
[Round "2"]
[White "Dalberg,P"]
[Black "Thorfinnsson,Br"]
[Result "0-1"]
[WhiteElo "2088"]
[BlackElo "2377"]
[EventDate "2009.07.18"]

1. d4 Nf6 2. Bg5 e6 3. e4 h6 4. Bxf6 Qxf6 5. Nc3 d6 6. Qd2 g5 7. Nf3 g4 8.
Ng1 h5 9. f4 Bh6 10. g3 Nc6 11. O-O-O Bd7 12. Qf2 h4 13. Kb1 Bg7 14. e5
dxe5 15. Ne4 Qe7 16. dxe5 O-O-O 17. Ne2 Kb8 18. N2c3 Qb4 19. Be2 hxg3 20.
hxg3 Rxh1 21. Rxh1 Bc8 22. Rd1 Rg8 23. a3 Qf8 24. Nb5 f5 25. Nec3 Rh8 26.
Nd4 Nxd4 27. Qxd4 a6 28. Qf2 Qe7 29. Bf1 Bf8 30. Bg2 Qc5 31. Qd2 Be7 32.
Qe2 Rh2 33. Qf1 Qa5 34. Rd3 Qb6 35. Ka2 c6 36. Na4 Qb5 37. Nc3 Qc4+ 38. b3
Qc5 39. b4 Qc4+ 40. Kb2 a5 41. Qg1 axb4 42. Qxh2 bxc3+ 43. Rxc3 Qd4 44. Kb3
Bxa3 0-1

[Event "Politiken Cup"]
[Site "Helsingor DEN"]
[Date "2009.07.19"]
[Round "2"]
[White "Rantanen,Y"]
[Black "Ottosen,P"]
[Result "1/2-1/2"]
[WhiteElo "2376"]
[BlackElo "2087"]
[EventDate "2009.07.18"]

1. e4 c6 2. d4 d5 3. exd5 cxd5 4. c4 Nf6 5. Nc3 Nc6 6. Nf3 Bg4 7. cxd5 Nxd5
8. Qb3 Bxf3 9. gxf3 e6 10. Qxb7 Nxd4 11. Bb5+ Nxb5 12. Qc6+ Ke7 13. Qxb5
Qd7 14. Nxd5+ Qxd5 15. Qxd5 exd5 16. Bf4 Kf6 17. O-O-O Rc8+ 18. Kb1 Rd8 19.
Rhe1 Bd6 20. Bg3 Bxg3 21. fxg3 Rd7 22. Rd4 Rb8 23. b3 Rb6 24. Rf4+ Kg6 25.
Kc2 Re6 26. Rd1 Re3 27. Rd3 Re2+ 28. Rd2 Re3 29. Kd1 f6 30. Re2 Rc3 31. Kd2
Rdc7 32. Ke1 Rc1+ 33. Kf2 Rd1 34. Rg4+ Kf7 35. Ra4 d4 36. f4 d3 37. Ree4
Rc2+ 38. Ke3 Re2+ 39. Kd4 Rxh2 40. f5 d2 41. Rxa7+ Kf8 42. Ra8+ Kf7 43.
Rae8 Re1 44. R8e7+ Kf8 45. Rxe1 dxe1=Q 46. Rxe1 Rxa2 47. b4 Rf2 48. b5 Rb2
49. Kc4 g6 50. g4 gxf5 51. gxf5 Kg7 52. Re3 h5 53. Rg3+ Kh7 54. Rh3 Kh6 55.
Rb3 Rc2+ 56. Kd3 Rc8 57. b6 Kg5 58. b7 Rb8 59. Rb5 Kf4 60. Ke2 Ke4 61. Kf2
Kf4 62. Kg1 Kg3 63. Rb4 h4 64. Kh1 Kh3 65. Rb5 1/2-1/2

[Event "Politiken Cup"]
[Site "Helsingor DEN"]
[Date "2009.07.19"]
[Round "2"]
[White "Aabling Thomsen,J"]
[Black "Ostlund,M"]
[Result "1-0"]
[WhiteElo "2344"]
[BlackElo "1827"]
[EventDate "2009.07.18"]

1. e4 e6 2. d4 d5 3. Nc3 Nf6 4. Bg5 Be7 5. e5 Nfd7 6. h4 Bxg5 7. hxg5 Qxg5
8. Qd3 g6 9. Nh3 Qe7 10. O-O-O Nc6 11. f4 Nb6 12. Nf2 Bd7 13. Rh6 O-O-O 14.
Ng4 Nc4 15. Qh3 Nxb2 16. Kxb2 Qb4+ 17. Kc1 Nxd4 18. Ne2 Nxe2+ 19. Bxe2
Qxf4+ 20. Qe3 Qa4 21. Rd3 d4 22. Qxd4 Qxa2 23. Qc5 Qa1+ 24. Kd2 Bc6 25. Nf6
Bxg2 26. Rxh7 b6 27. Rxh8 Rxh8 28. Qb5 c6 29. Qc4 Qa5+ 30. c3 b5 31. Qd4
Rd8 32. Qc5 Rxd3+ 33. Bxd3 Qc7 34. Ne8 Qd7 35. Qf8 Bh3 36. Nd6+ Kc7 37. Qa8
Kb6 38. Qb8+ Ka6 39. c4 Ka5 40. Kc3 Bf5 41. Be2 a6 42. Nb7+ Kb6 43. c5+ 1-0

[Event "Politiken Cup"]
[Site "Helsingor DEN"]
[Date "2009.07.19"]
[Round "2"]
[White "Andersen,Mad"]
[Black "Svane,R"]
[Result "0-1"]
[WhiteElo "2336"]
[BlackElo "2080"]
[EventDate "2009.07.18"]

1. e4 e5 2. Nf3 Nf6 3. Nxe5 d6 4. Nf3 Nxe4 5. Nc3 Nxc3 6. dxc3 Be7 7. Bf4
Nc6 8. Bd3 O-O 9. Qd2 Be6 10. O-O-O Bxa2 11. b3 a5 12. Kb2 a4 13. Kxa2
axb3+ 14. Kxb3 Ra5 15. Ra1 Qa8 16. Kb2 Bf6 17. Be3 b5 18. Bd4 Nxd4 19. cxd4
b4 20. Rxa5 Qxa5 21. Ra1 Qb6 22. Ra6 Qb7 23. Qf4 Re8 24. g4 h6 25. h4 c5
26. g5 c4 27. Bxc4 Qc8 28. gxf6 Qxc4 29. Ra7 Qc3+ 30. Kb1 b3 31. Qc1 Rb8
32. Nd2 bxc2+ 33. Ka2 Rb2+ 34. Qxb2 c1=Q 35. Qxc1 Qxc1 36. Nb3 Qc2+ 37. Ka3
gxf6 38. f3 Qf2 39. Rd7 Qxh4 40. Rxd6 Qf4 41. Rd8+ Kg7 42. d5 Qc7 43. Re8
Qd6+ 44. Kb2 Qxd5 45. Re4 f5 46. Re3 h5 47. Kc3 h4 48. f4 Qg2 49. Nd4 Kf6
50. Ne2 h3 51. Ng3 Kg6 52. Ne2 Qc6+ 53. Kd2 h2 54. Ng3 h1=Q 55. Nxh1 Qxh1
56. Ke2 Qg2+ 57. Ke1 Kf6 58. Re2 Qg1+ 0-1

[Event "Politiken Cup"]
[Site "Helsingor DEN"]
[Date "2009.07.19"]
[Round "2"]
[White "Burmeister,R"]
[Black "Stray,G"]
[Result "1/2-1/2"]
[WhiteElo "2333"]
[BlackElo "2076"]
[EventDate "2009.07.18"]

1. e4 c5 2. Nc3 Nc6 3. g3 g6 4. Bg2 Bg7 5. d3 d6 6. Be3 Rb8 7. Qd2 b5 8. f4
Nd4 9. a3 h5 10. h3 Bd7 11. Nf3 Qc8 12. Qf2 Nxf3+ 13. Qxf3 b4 14. Nd1 a5
15. f5 gxf5 16. O-O Bc6 17. axb4 axb4 18. Qxf5 Qxf5 19. Rxf5 Ra8 20. Rxa8+
Bxa8 21. e5 Bxg2 22. Kxg2 Bxe5 23. Bxc5 e6 24. Rxe5 dxe5 25. Bxb4 Ne7 26.
c4 Nc6 27. Bc3 Kd7 28. Nf2 1/2-1/2

[Event "Politiken Cup"]
[Site "Helsingor DEN"]
[Date "2009.07.19"]
[Round "2"]
[White "Jensen,SorenG"]
[Black "Carstensen,J"]
[Result "0-1"]
[WhiteElo "2082"]
[BlackElo "2330"]
[EventDate "2009.07.18"]

1. d4 Nf6 2. Nf3 e6 3. Bf4 c5 4. c3 Nc6 5. e3 Nh5 6. Bg5 f6 7. Bh4 g6 8.
Be2 Ng7 9. e4 cxd4 10. cxd4 g5 11. Bg3 Qb6 12. Nc3 g4 13. Nh4 Nxd4 14. O-O
h5 15. Na4 Qb4 16. Re1 b5 17. Nc3 Bc5 18. Nxb5 Nxb5 19. a3 Qxb2 20. Rb1 Nc3
21. Rxb2 Nxd1 22. Rxd1 Bxa3 23. Rb3 Bc5 24. Bb5 a6 25. Ba4 e5 26. Rc3 Bd4
27. Rb3 Kd8 28. Ng6 Rh6 29. Nf8 Ne8 30. Rdb1 h4 31. Rb8 Rxb8 32. Rxb8 Kc7
0-1

[Event "Politiken Cup"]
[Site "Helsingor DEN"]
[Date "2009.07.19"]
[Round "2"]
[White "Larsen,TorKe"]
[Black "Matthiesen,A"]
[Result "0-1"]
[WhiteElo "2074"]
[BlackElo "2324"]
[EventDate "2009.07.18"]

1. e4 e6 2. f4 d5 3. e5 c5 4. Nf3 Nc6 5. c3 Nh6 6. Na3 Bd7 7. Nc2 Qb6 8. d3
Be7 9. g3 O-O 10. Bg2 f6 11. exf6 Bxf6 12. O-O Rae8 13. Re1 Nf5 14. Ne5
Nxe5 15. fxe5 Bd8 16. d4 Be7 17. g4 Nh4 18. Bh1 Ng6 19. g5 Rf5 20. Qg4 Ref8
21. h4 cxd4 22. Nxd4 Nxe5 23. Qh3 Nf3+ 24. Bxf3 Rxf3 25. Qg2 Bd6 26. Re3
R3f4 27. Rh3 Rf1+ 28. Qxf1 Rxf1+ 29. Kxf1 e5 30. Rd3 Bb5 0-1

[Event "Politiken Cup"]
[Site "Helsingor DEN"]
[Date "2009.07.19"]
[Round "2"]
[White "Petersen,To1"]
[Black "Hansen,Herl"]
[Result "1-0"]
[WhiteElo "2310"]
[BlackElo "2071"]
[EventDate "2009.07.18"]

1. g3 g6 2. Bg2 e5 3. c4 Bg7 4. Nc3 Nc6 5. d3 f5 6. e3 Nf6 7. Nge2 O-O 8.
O-O Kh8 9. Rb1 Ne7 10. b4 d5 11. cxd5 Nexd5 12. Nxd5 Nxd5 13. Qc2 Be6 14.
Rd1 c6 15. b5 Rc8 16. Qa4 Qb6 17. Ba3 Rf7 18. Rdc1 c5 19. d4 exd4 20. exd4
c4 21. Rxc4 Rxc4 22. Qxc4 Qd8 23. Qc5 b6 24. Qd6 Qxd6 25. Bxd6 Bh6 26. Be5+
Kg8 27. Nf4 Bxf4 28. gxf4 Rd7 29. Rc1 Rd8 30. a3 Kf7 31. Bf3 Ke7 32. Kg2
Ra8 33. Rc6 Rd8 34. Kg3 h6 35. h4 h5 36. Kg2 Kf7 37. Kf1 Ke7 38. Ke2 Kf7
39. Kd2 Ke7 40. Bd1 Nxf4 41. Rc7+ Ke8 42. Rxa7 Nd5 43. Rg7 Bf7 44. Bb3 Kf8
45. Rh7 Rd7 46. a4 Ke8 47. Rh8+ Ke7 48. Rb8 1-0

[Event "Politiken Cup"]
[Site "Helsingor DEN"]
[Date "2009.07.19"]
[Round "2"]
[White "Nielsen,Bo1"]
[Black "Carlstedt,J"]
[Result "0-1"]
[WhiteElo "2073"]
[BlackElo "2309"]
[EventDate "2009.07.18"]

1. d4 Nf6 2. c4 c5 3. d5 e6 4. Nc3 exd5 5. cxd5 d6 6. e4 g6 7. Bd3 Bg7 8.
h3 O-O 9. Nf3 b5 10. Nxb5 Nxe4 11. Bxe4 Re8 12. Ng5 Bf5 13. O-O Bxe4 14.
Nxe4 Rxe4 15. Qc2 Rb4 16. Nc3 Nd7 17. Rb1 Rab8 18. b3 c4 19. Ba3 cxb3 20.
axb3 R4b7 21. Ne4 Rc8 22. Qd2 Nc5 23. Bxc5 dxc5 24. Rfd1 Rb4 25. Nc3 Rcb8
0-1

[Event "Politiken Cup"]
[Site "Helsingor DEN"]
[Date "2009.07.19"]
[Round "2"]
[White "Bach,Mat"]
[Black "Strand,H"]
[Result "1-0"]
[WhiteElo "2307"]
[BlackElo "2062"]
[EventDate "2009.07.18"]

1. b4 e5 2. Bb2 d6 3. g3 f5 4. Bg2 Nf6 5. e3 Be7 6. d3 O-O 7. Ne2 Qe8 8.
Nd2 Na6 9. a3 c6 10. h3 Nc7 11. c4 Ne6 12. f4 exf4 13. exf4 d5 14. O-O b6
15. Re1 Qd8 16. Qb3 Kh8 17. Rad1 Bb7 18. Nf3 h6 19. Nh4 Rf7 20. Nxf5 Bf8
21. cxd5 cxd5 22. Nc3 Qd7 23. Re5 Nc7 24. Rde1 Ba6 25. Nxd5 Nfxd5 26. Nxh6
Rf6 27. Ng4 Rd6 28. Rh5+ Kg8 29. Be4 Be7 30. Bh7+ Kf8 31. Bf5 Qb5 32. Ne5
Kg8 33. Bh7+ Kf8 34. Ng6+ 1-0

[Event "Politiken Cup"]
[Site "Helsingor DEN"]
[Date "2009.07.19"]
[Round "2"]
[White "Schmied,A"]
[Black "Bejtovic,J"]
[Result "0-1"]
[WhiteElo "2068"]
[BlackElo "2307"]
[EventDate "2009.07.18"]

1. d4 Nf6 2. c4 g6 3. Nc3 Bg7 4. e4 d6 5. Nf3 O-O 6. h3 e5 7. d5 Na6 8. Bg5
Qe8 9. g4 Nd7 10. Rg1 Kh8 11. Be2 Ndc5 12. a3 f5 13. gxf5 gxf5 14. exf5 e4
15. Nh4 Nd3+ 16. Bxd3 exd3+ 17. Kd2 Bxf5 18. Nxf5 Rxf5 19. Be3 Qf7 20. Rxg7
Qxg7 21. Kxd3 Nc5+ 22. Kc2 Qg6 23. Kc1 Re8 24. b4 Qf6 0-1

[Event "Politiken Cup"]
[Site "Helsingor DEN"]
[Date "2009.07.19"]
[Round "2"]
[White "Pedersen,JanK"]
[Black "Jacobsen,Bo"]
[Result "1/2-1/2"]
[WhiteElo "2065"]
[BlackElo "2303"]
[EventDate "2009.07.18"]

1. d4 Nf6 2. Nf3 g6 3. Bf4 d6 4. e3 Nh5 5. Bg3 Nxg3 6. hxg3 Bg7 7. Bd3 e5
8. c3 O-O 9. Nbd2 exd4 10. Nxd4 c5 11. Ne2 d5 12. Nf3 Nc6 13. O-O Re8 14.
Nf4 a6 15. Be2 d4 16. exd4 cxd4 17. cxd4 Nxd4 18. Nxd4 Qxd4 19. Qxd4 Bxd4
20. Bf3 Bxb2 21. Rab1 Bd4 22. Bxb7 Rb8 23. Bc6 Bf5 24. Rbd1 Rec8 25. Rxd4
Rxc6 26. Nd5 Kg7 27. Ne7 Rc5 28. Nxf5+ Rxf5 29. g4 Rf6 30. f3 Rc6 31. Rfd1
Rc2 32. R1d2 Rxd2 33. Rxd2 Rb5 34. Kf2 h5 1/2-1/2

[Event "Politiken Cup"]
[Site "Helsingor DEN"]
[Date "2009.07.19"]
[Round "2"]
[White "Thomassen,J"]
[Black "Rostgaard,T"]
[Result "1-0"]
[WhiteElo "2300"]
[BlackElo "2051"]
[EventDate "2009.07.18"]

1. e4 c6 2. d4 d5 3. e5 c5 4. dxc5 Nc6 5. Bf4 e6 6. Nf3 Bxc5 7. Bd3 Nge7 8.
O-O Ng6 9. Bg3 O-O 10. Nbd2 Bd7 11. c3 Rc8 12. b4 Bb6 13. a4 a6 14. Qb3 Qe7
15. Rab1 Bc7 16. Rfe1 b5 17. axb5 axb5 18. Ra1 Ra8 19. Rxa8 Rxa8 20. h4 Nf8
21. h5 h6 22. Qb2 Qd8 23. Nb3 Qb8 24. Qd2 Be8 25. Nbd4 Nxd4 26. cxd4 Bd8
27. Bf4 Ra3 28. g4 Be7 29. Re3 Qc8 30. Bh7+ Nxh7 31. Rxa3 Qc4 32. Rc3 Qxb4
33. Rc8 Qb1+ 34. Kg2 Kf8 35. Bxh6 Qe4 36. Bf4 f5 37. exf6 Nxf6 38. Kg3 Nd7
39. Qe3 Qxe3 40. fxe3 b4 41. Ne5 Nxe5 42. Bxe5 Kf7 43. Rc7 1-0

[Event "Politiken Cup"]
[Site "Helsingor DEN"]
[Date "2009.07.19"]
[Round "2"]
[White "Petersen,Nil"]
[Black "Tsiolakidis,A"]
[Result "1/2-1/2"]
[WhiteElo "2060"]
[BlackElo "2290"]
[EventDate "2009.07.18"]

1. c4 Nf6 2. Nc3 g6 3. e4 d6 4. d4 Bg7 5. Nf3 O-O 6. Be2 e5 7. dxe5 dxe5 8.
Qxd8 Rxd8 9. Bg5 Re8 10. h3 Na6 11. Be3 b6 12. O-O-O Bb7 13. Nd2 Bf8 14. f3
Nh5 15. Nb3 Ng3 16. Rhe1 Nxe2+ 17. Rxe2 c6 18. Red2 Bc8 19. Na1 Be6 20. b3
f5 21. Kb2 f4 22. Bf2 g5 23. Nc2 h5 24. Ne1 g4 25. hxg4 hxg4 26. Nd3 g3 27.
Bg1 Bf7 28. Na4 Re6 29. c5 b5 30. Nc3 Rae8 31. b4 Rh6 32. a3 Rh1 33. Nc1
Nc7 34. Nb3 Bxb3 35. Kxb3 a5 36. Ne2 a4+ 37. Kc2 Ne6 38. Rd7 Rh7 39. Rxh7
Kxh7 40. Rd7+ Kg6 41. Nc1 Be7 42. Nd3 Kf6 43. Nc1 Rh8 44. Rd1 Nf8 45. Kd2
Rh1 46. Ke2 Ne6 47. Nd3 Rh5 48. Kf1 Nf8 49. Ne1 Ke6 50. Nc2 Ng6 51. Ne1 Rh1
52. Nc2 Nf8 53. Ne1 Nd7 54. Nd3 Bd8 55. Ke2 Bc7 56. Kf1 Ke7 57. Ne1 Nf8 58.
Nc2 Nd7 59. Ne1 Kd8 60. Nd3 Kc8 61. Ne1 Rh6 62. Nd3 Bd8 63. Ke2 Be7 64. Kf1
Rh1 65. Ke2 Kc7 66. Nb2 Nf8 67. Nd3 Bf6 68. Nb2 Ng6 69. Nd3 Be7 70. Kf1 Rh5
71. Ne1 Nf8 72. Nd3 Ne6 73. Ne1 Rh1 74. Nc2 Nxc5 75. Ke2 Nxe4 76. fxe4 Rh6
77. Ne1 Bd6 78. Nf3 Re6 79. Rc1 Kb7 80. Bc5 Bc7 81. Rh1 Re8 82. Rh7 Kc8 83.
Be7 Bb8 84. Bf6 Re6 85. Bh8 c5 86. bxc5 Rc6 87. Bxe5 Bxe5 88. Nxe5 Rxc5 89.
Nd3 Rc2+ 90. Kd1 Rxg2 91. Nxf4 Rf2 92. Ne2 g2 93. Rg7 b4 94. axb4 a3 95.
Nc1 Rf1+ 96. Kc2 g1=Q 97. Rxg1 Rxg1 98. Na2 Re1 99. Kb3 Re3+ 100. Ka4 Kd7
101. b5 Kd6 102. Kb4 Rxe4+ 103. Kxa3 Kc5 104. Kb3 Re3+ 105. Kc2 Kc4 106.
Nc1 Kxb5 107. Kd2 Ra3 108. Ne2 Kc4 109. Nc1 Rc3 110. Kd1 Rh3 111. Ne2 Rh2
112. Kd2 Rxe2+ 113. Kxe2 1/2-1/2

[Event "Politiken Cup"]
[Site "Helsingor DEN"]
[Date "2009.07.19"]
[Round "2"]
[White "Christensen,St"]
[Black "Torkilseng,R"]
[Result "1/2-1/2"]
[WhiteElo "2283"]
[BlackElo "1824"]
[EventDate "2009.07.18"]

1. e4 c6 2. Nc3 d5 3. d4 dxe4 4. Nxe4 Bf5 5. Ng3 Bg6 6. h4 h6 7. Nf3 Nd7 8.
h5 Bh7 9. Bd3 Bxd3 10. Qxd3 e6 11. Bf4 Qa5+ 12. Bd2 Qc7 13. O-O-O O-O-O 14.
Kb1 Ngf6 15. Ne4 Nc5 16. Nxc5 Bxc5 17. c3 Bd6 18. g3 c5 19. Qe2 Kb8 20. Ne5
Bxe5 21. dxe5 Nd5 22. c4 Ne7 23. Bc3 Rxd1+ 24. Rxd1 Rd8 25. Kc2 Nf5 26.
Rxd8+ Qxd8 27. Qd3 Qxd3+ 28. Kxd3 Kc7 29. Ke4 Kd7 30. g4 Ne7 31. f4 g6 32.
g5 Nf5 33. gxh6 Nxh6 34. hxg6 fxg6 35. a3 a6 36. Ba5 Kc6 37. Kf3 Nf5 38.
Kg4 b6 39. Be1 Kd7 40. Bf2 Kc6 41. Bh4 Kd7 42. Bf6 Ke8 43. Bh4 Kd7 44. b4
cxb4 45. axb4 Kc6 46. Bf2 b5 47. c5 1/2-1/2

[Event "Politiken Cup"]
[Site "Helsingor DEN"]
[Date "2009.07.19"]
[Round "2"]
[White "Harstad,C"]
[Black "Christensen,Bo"]
[Result "0-1"]
[WhiteElo "2052"]
[BlackElo "2277"]
[EventDate "2009.07.18"]

1. d4 f5 2. c4 Nf6 3. Nf3 g6 4. g3 Bg7 5. Bg2 O-O 6. Nc3 d6 7. O-O Nc6 8.
d5 Ne5 9. Nxe5 dxe5 10. Qb3 Kh8 11. Rd1 h6 12. c5 g5 13. Bd2 a6 14. Na4 Rb8
15. Ba5 Ne8 16. Rac1 Rf6 17. Rd2 e4 18. d6 exd6 19. cxd6 Rxd6 20. Rxd6 Qxd6
21. Rd1 Be6 22. Qc2 Qe7 23. b3 b6 24. Bc3 c5 25. f3 e3 26. Qd3 b5 27. Nb2
f4 28. Bxg7+ Qxg7 29. Qe4 Bg8 30. Nd3 Rd8 31. gxf4 Nf6 32. Qc6 c4 33. Nb2
Rxd1+ 34. Nxd1 gxf4 35. Qxa6 cxb3 36. axb3 Bxb3 37. Nc3 Bc4 38. Qc8+ Ng8
39. Ne4 Qa1+ 40. Bf1 Bxe2 41. Qc3+ Qxc3 42. Nxc3 Bxf1 43. Kxf1 b4 44. Ne2
b3 45. Ke1 b2 46. Nc3 Nf6 47. Kd1 Nd5 48. Nb1 Kg7 49. Kc2 Kf6 0-1

[Event "Politiken Cup"]
[Site "Helsingor DEN"]
[Date "2009.07.19"]
[Round "2"]
[White "Agrest,S"]
[Black "Carnstam,T"]
[Result "1-0"]
[WhiteElo "2260"]
[BlackElo "2047"]
[EventDate "2009.07.18"]

1. e4 c5 2. Nf3 Nc6 3. Bb5 g6 4. O-O Bg7 5. Re1 Nf6 6. e5 Nd5 7. Nc3 Nc7 8.
Bxc6 bxc6 9. Ne4 Ne6 10. d3 O-O 11. Be3 d6 12. Qd2 f6 13. exf6 exf6 14. Bh6
d5 15. Ng3 Rb8 16. b3 Qd6 17. h4 Bxh6 18. Qxh6 Qf4 19. Qxf4 Nxf4 20. Re7
Rf7 21. Rae1 Bd7 22. Kf1 Kf8 23. Rxf7+ Kxf7 24. Nd2 Bg4 25. Nb1 Re8 26.
Rxe8 Kxe8 27. f3 Bc8 28. Ne2 Ne6 29. Nbc3 Ke7 30. Kf2 Kd6 31. g4 g5 32.
hxg5 fxg5 33. Na4 Nd4 34. Nxd4 cxd4 35. b4 Be6 36. Kg3 Ke5 37. Nc5 Bc8 38.
Nb3 Be6 39. Na5 Bd7 40. Nb7 Be6 41. a3 Bd7 42. Nc5 Be6 43. Nb3 Bc8 44. Nc1
Bd7 45. Ne2 Be8 46. f4+ gxf4+ 47. Nxf4 c5 48. bxc5 Ba4 49. Ng2 Bxc2 50. Ne1
Bd1 51. Nf3+ Kf6 52. Nxd4 h5 53. gxh5 Bxh5 54. Kf4 Bg6 55. Ke3 Be8 56. Nf3
Bb5 57. Kd4 Ke6 58. Ne1 a5 59. Ng2 Kd7 60. Nf4 Kc6 61. Ng6 Kd7 62. Kxd5
Bc6+ 63. Ke5 Bb5 64. d4 Bc4 65. d5 Bb5 66. Nf8+ Kc7 67. Ne6+ Kd7 68. Nd4
Bd3 69. c6+ Kc8 70. d6 Bc4 71. Ne6 Bxe6 72. Kxe6 Kd8 73. c7+ 1-0

[Event "Politiken Cup"]
[Site "Helsingor DEN"]
[Date "2009.07.19"]
[Round "2"]
[White "Ramme,C"]
[Black "Skovgaard,Pe2"]
[Result "0-1"]
[WhiteElo "2048"]
[BlackElo "2258"]
[EventDate "2009.07.18"]

1. d4 Nf6 2. Nf3 e6 3. Bf4 b6 4. e3 Bb7 5. Bd3 Be7 6. h3 c5 7. c3 O-O 8.
Nbd2 d6 9. Qe2 cxd4 10. exd4 Nbd7 11. O-O Re8 12. Bh2 Bf8 13. a4 e5 14.
dxe5 dxe5 15. Bc4 h6 16. Rfd1 Qc7 17. Nd4 Rac8 18. Nf5 g6 19. Ne3 h5 20.
Nf3 Bh6 21. Bb5 Bc6 22. Nd4 Ba8 23. Bxd7 Nxd7 24. Nb5 Qc6 25. Nxa7 Qb7 26.
Nxc8 Bxe3 27. fxe3 Rxc8 28. Rd2 Nc5 29. Rad1 Qe7 30. Qb5 Qg5 31. Qxb6 Qxe3+
32. Kh1 Qxh3 33. Qf6 Re8 34. Rd5 Ne4 35. Qf3 Qxf3 36. gxf3 Nf2+ 37. Kg2
Nxd1 38. Rxd1 g5 39. Kf2 Kg7 40. b4 g4 41. fxg4 hxg4 42. c4 f5 43. c5 f4
44. b5 Rh8 45. Bg3 fxg3+ 46. Kxg3 Bf3 47. Rc1 Rh3+ 48. Kf2 Bd5 49. Rg1 Rf3+
50. Ke2 Rf4 51. c6 Rxa4 52. Rc1 Rc4 53. Rb1 Kg6 54. b6 Bxc6 55. b7 Bxb7 56.
Rxb7 Rf4 57. Re7 Kf5 58. Rg7 Rf3 59. Rf7+ Ke4 60. Rg7 Kf4 61. Rg8 Kg3 62.
Re8 Rf5 63. Rh8 Kg2 64. Re8 g3 65. Re7 Kg1 66. Rg7 Kg2 67. Re7 Rg5 68. Rh7
Kg1 69. Rh3 g2 70. Rh4 Rg3 71. Rh5 Rg4 72. Rh8 Re4+ 73. Kd3 Kf1 74. Kxe4
g1=Q 75. Rf8+ Ke2 76. Rf5 Qd4+ 0-1

[Event "Politiken Cup"]
[Site "Helsingor DEN"]
[Date "2009.07.19"]
[Round "2"]
[White "Hess,C1"]
[Black "Larsen,Andr"]
[Result "1-0"]
[WhiteElo "2257"]
[BlackElo "1968"]
[EventDate "2009.07.18"]

1. Nf3 c5 2. c3 Nc6 3. d4 cxd4 4. cxd4 d5 5. Nc3 Nf6 6. Bf4 e6 7. e3 Bd6 8.
Bd3 Bxf4 9. exf4 Qd6 10. g3 a6 11. O-O O-O 12. Rc1 b5 13. Qe2 Bb7 14. Rfd1
Rae8 15. Bb1 Re7 16. Ne5 g6 17. Nxb5 axb5 18. Nxc6 Bxc6 19. Qe5 Ne8 20.
Qxd6 Nxd6 21. Rxc6 Rd8 22. Rdc1 Ra7 23. b3 Ra5 24. R1c5 Kg7 25. Rb6 Nf5 26.
Bxf5 1-0

[Event "Politiken Cup"]
[Site "Helsingor DEN"]
[Date "2009.07.19"]
[Round "2"]
[White "Lund,P"]
[Black "Angskog,K"]
[Result "0-1"]
[WhiteElo "2047"]
[BlackElo "2255"]
[EventDate "2009.07.18"]

1. e4 g6 2. d4 Bg7 3. Nf3 d6 4. Bd3 c5 5. dxc5 Qa5+ 6. Nbd2 Qxc5 7. O-O Nf6
8. Re1 Nbd7 9. Nb3 Qc7 10. c3 O-O 11. Bg5 h6 12. Bh4 b6 13. Qe2 Bb7 14.
Rad1 Rad8 15. Bc2 Rfe8 16. Nfd4 a6 17. f4 e5 18. fxe5 dxe5 19. Nf3 Nf8 20.
Bf2 Ne6 21. Qe3 Nd7 22. h4 Bf8 23. g3 Kg7 24. Qe2 Nf6 25. Nfd2 b5 26. Be3
h5 27. Kg2 Ng4 28. Bg1 f5 29. Kh3 f4 30. Nf3 fxg3 31. Ng5 Nf4+ 0-1